Susceptibility among populations of crabgrass to herbicides inhibiting photosystem II (Registro n. 5007)
[ somente texto ]
| 000 -LÍDER | |
|---|---|
| fixed length control field | 04531nab a2200301 i 4500 |
| 003 - CÓDIGO MARC DA AGÊNCIA CATALOGADORA | |
| Campo de controle | BR-BrBNA |
| 005 - DATA E HORA DA ÚLTIMA ATUALIZAÇÃO | |
| Campo de controle | 20230905123619.0 |
| 008 - CAMPO DE TAMANHO FIXO | |
| fixed length control field | 230410b2018 bl.ar|pooa||| 00| 0 eng | |
| 040 ## - FONTE DA CATALOGAÇÃO | |
| Agência catalogadora | BR-BrBNA |
| Idioma da catalogação | eng |
| 072 ## - CATEGORIA AGRIS | |
| Código AGRIS | H60 |
| 100 ## - ENTRADA PRINCIPAL - NOME PESSOAL | |
| Nome pessoal | Lucio, F.R. |
| 100 ## - ENTRADA PRINCIPAL - NOME PESSOAL | |
| Nome pessoal | Barroso, A.A.M. |
| 100 ## - ENTRADA PRINCIPAL - NOME PESSOAL | |
| Nome pessoal | Toledo, R.E.B. |
| 100 ## - ENTRADA PRINCIPAL - NOME PESSOAL | |
| Nome pessoal | Pitelli, R.A. |
| 100 ## - ENTRADA PRINCIPAL - NOME PESSOAL | |
| Nome pessoal | Victoria Filho, R. |
| 245 ## - TÍTULO PRINCIPAL | |
| Título principal | Susceptibility among populations of crabgrass to herbicides inhibiting photosystem II |
| 500 ## - NOTA GERAL | |
| Nota geral | Publicação on-line; 28 ref.; 6 tables; 4 illus.; Summaries (En, Pt) |
| 942 ## - ADDED ENTRY ELEMENTS (KOHA) | |
| Koha item type | |
| 520 ## - NOTA DE RESUMO | |
| Nota de conteúdo | <br/><br/>ABSTRACT - Weed interference reduces the productive potential of crops. Among<br/>the control methods used, chemical ones occupy a major position. The repeated<br/>application of the same mechanism of action selects tolerant plants. Among the<br/>species that affect sugarcane, crabgrass is one of them. This study has aimed to<br/>know the tolerance of different populations of this species to herbicides inhibiting<br/>photosystem II. Three populations were collected, identified and submitted to the<br/>application of ametryn and diuron herbicides in ten different doses, and the experiment<br/>was conducted in a experimental design of complete randomized blocks with four<br/>repetitions in a factorial arrangement of 10 x 3 (10 doses x 3 populations), being one<br/>trial for each herbicide. Sixty days after application, visual control and plants shoot<br/>dry biomass were evaluated. The data were submitted to an analysis of variance by<br/>the F test and, when significant, their means were compared using the Tukey’s test.<br/>The averages related to the herbicide doses were submitted to a graphical analysis<br/>by applying a log-logistic regression where the herbicide doses required to cause 50<br/>or 80% of injury and reduction of dry biomass of plants were calculated. The resistance<br/>factor was calculated to determine the difference in herbicide tolerance among<br/>populations. Based on the results, it was observed that the populations exhibit<br/>differential sensitivities to herbicides and the one originated in Brazilian city Ribeirão<br/>Preto was resistant to ametryn. The population originated in Brazilian city Santa Cruz<br/>das Posses was less sensitive to diuron. The RF values ranged between 1.0 and<br/>2.34.<br/><br/>Keywords: Digitaria horizontalis, ametryn, diuron, tolerance, resistance. |
| 520 ## - NOTA DE RESUMO | |
| Nota de conteúdo | <br/><br/>RESUMO - O controle químico é um dos principais métodos utilizados no manejo<br/>de plantas daninhas, porém a aplicação repetida de um mesmo mecanismo de<br/>ação pode selecionar indivíduos tolerantes aos herbicidas e formar populações<br/>resistentes. O capim-colchão (Digitaria horizontalis) é uma das principais plantas<br/>daninhas que afetam a cultura da cana-de-açúcar, e têm sido relatadas falhas no<br/>controle dessa espécie após a aplicação de herbicidas inibidores de fotossistema<br/>II. Com este trabalho, objetivou-se identificar a resistência de diferentes populações<br/>de capim-colchão a inibidores do fotossistema II (ametrina e diuron). Três<br/>populações foram coletadas, identificadas e submetidas à aplicação dos herbicidas,<br/>sendo os experimentos conduzidos em delineamento experimental inteiramente<br/>casualizado em esquema fatorial 10x3, em que 10 foram as doses testadas e 3 as<br/>populações, sendo um experimento para cada herbicida, com quatro repetições.<br/>Aos 60 dias após a aplicação, avaliaram-se a porcentagem de controle e a massa<br/>da matéria seca das plantas. O fator de resistência (FR) foi calculado para se<br/>determinar a diferença de controle entre os herbicidas e as populações de<br/>capim-colchão. As populações de capim-colchão apresentaram suscetibilidades<br/>diferenciais para os herbicidas, sendo a população originada de Ribeirão Preto resistente a ametrina.<br/>Plantas da população originada de Santa Cruz das Posses mostraram maior tolerância ao diuron. Os<br/>valores de FR variaram entre 1,0 e 2,34 entre as populações.<br/><br/>Palavras-chave: Digitaria horizontalis, ametrina, diuron, tolerância, resistência. |
| 650 ## - ASSUNTO - THESAGRO | |
| Cabeçalho tópico ou nome geográfico | DIGITARIA HORIZONTALIS |
| 650 ## - ASSUNTO - THESAGRO | |
| Cabeçalho tópico ou nome geográfico | CAPIM COLCHÃO |
| 650 ## - ASSUNTO - THESAGRO | |
| Cabeçalho tópico ou nome geográfico | RESISTÊNCIA |
| 650 ## - ASSUNTO - THESAGRO | |
| Cabeçalho tópico ou nome geográfico | ERVA DANINHA |
| 773 0# - ENTRADA ANALÍTICA | |
| Host Biblionumber | 886 |
| Registro do item | 1815 |
| Imprenta | Londrina-PR : Sociedade Brasileira da Ciência das Plantas Daninhas, 1978 |
| Outro identificador | 2023-031022 |
| Título | Planta Daninha (Brazil) |
| ISSN | 0100-8358; 1806-9681 (on-line) |
| Colação | v. 36 p. 1-9; (2018) |
| Número de controle de registro | BR2023000042 |
| 856 ## - ACESSO E ENDEREÇO ELETRÔNICO | |
| Identificador uniforme de recurso - URI | https://www.scielo.br/j/pd/a/Vv8qQz5qtsW9GtxtD6Fp86n/?format=pdf&lang=en |
Nenhum exemplar disponível.

BINAGRI